LIBRARY & INFORMATION CENTRE, KCAET, TAVANUR

ONLINE PUBLIC ACCESS CATALOGUE (OPAC)

Mahatmaji / (Record no. 6138)

MARC details
000 -LEADER
fixed length control field 00349cam a2200145ua 4500
003 - CONTROL NUMBER IDENTIFIER
control field OSt
008 - FIXED-LENGTH DATA ELEMENTS--GENERAL INFORMATION
fixed length control field 240213b |||||||| |||| 00| 0 eng d
041 ## - LANGUAGE CODE
Language code of text/sound track or separate title mal
082 ## - DEWEY DECIMAL CLASSIFICATION NUMBER
Classification number 923.2
Item number KER/MA
100 ## - MAIN ENTRY--AUTHOR NAME
Personal name Karthiayanikutty Amma, N P .
245 ## - TITLE STATEMENT
Title Mahatmaji /
260 ## - PUBLICATION, DISTRIBUTION, ETC. (IMPRINT)
Place of publication Thrissur :
Name of publisher Saraswathi Press ,
Year of publication 1948.
300 ## - PHYSICAL DESCRIPTION
Number of Pages 120.
942 ## - ADDED ENTRY ELEMENTS (KOHA)
Koha item type Books
Holdings
Withdrawn status Lost status Damaged status Home library Current library Date acquired Full call number Accession Number Koha item type Public note
Withdrawn     KAUAET Kelappaji 07/04/2012 923.2 1240 Books Transferred from KCAET
free website counter